000 01139naa a22003017u 4500
001 07020
003 HDC
007 cr bn ---aaaaa
008 210126s2006 ilu eng
040 _aHDC
100 _aDelmonte, Pierluigi,
_eauthor
_97517
245 0 _aLipid Analysis and Lipidomics: New Techniques and Applications :
_bAnalysis of t r a n s-18:1 Fatty Acids by Silver Ion HPLC /
_cby Pierluigi Delmonte, John K.G. Kramer and Martin P. Yurawecz
260 _aChampaign, Illinois :
_bAOCS Press,
_c2006
300 _a13 pages
336 _atext
_2rdacontent
337 _acomputer
_2rdamedia
338 _aonline resource
_2rdacarrier
500 _aOriginal from book
650 _aChromatographic analysis
_97496
650 _aChromatography
_xmethods
_97498
650 _aLipids
_xAnalysis
_97495
650 _aLipids
_xanalysis
_97497
650 _aSpectrum Analysis
_xmethods
_97499
856 _zRequest full-text at [email protected]
942 _2lcc
942 _cCHAP
942 _kEBCH 000416
999 _c4344
_d4344